00388 a2200157 4500003000400000005001700004008004100021020001800062040000900080082001900089100001900108245004400127250001400171260003100185300001400216OSt20230904162940.0230825b |||||||| |||| 00| 0 eng d a9788177589238 coclc a658.049bBEN/I aBennett, Roger aINTERNATIONAL BUSINESS /cRoger Bennett a 2nd ed.  aChennai:bPearson, c2024. a402 pages